قانون تنظيم الجامعات : (Record no. 17527)
[ view plain ]
| 000 -الفاتح | |
|---|---|
| حقل البيانات ثابتة الطول | 00888nam a22002057a 4500 |
| 005 - وقت وتاريخ اخر تعامل مع التسجيلة | |
| رقم الضبط | 20130915132312.0 |
| 008 - عناصر البيانات ثابتة الطول - معلومات عامة | |
| حقل البيانات ثابتة الطول | 120208s2013 ua|||||r||||o00| 0 ara d |
| 082 ## - رقم تصنيف ديوى العشرى | |
| رقم الطبعة | 22 |
| رقم التصنيف | 344.074 |
| رقم المادة | ق ا ن |
| 245 ## - بيان العنوان | |
| العنوان | قانون تنظيم الجامعات : |
| بقية العنوان | رقم ٤٩ لسنة ١٩٧٢ ولائحته التنفيذية وفقا لأحدث التعديلات. |
| 250 ## - بيان الطبعة | |
| بيان الطبعة | ط. 1. |
| 260 ## - PUBLICATION, DISTRIBUTION, ETC. (IMPRINT) | |
| مكان الناشر او الموزع | القاهرة : |
| اسم الناشر او الموزع | مجموعة الانصار القانونية للنش، |
| تاريخ النشر أو التوزيع | 2013. |
| 300 ## - الوصف المادى | |
| التعداد | 352 ص. ؛ |
| أبعاد الوعاء | 24 سم. |
| 500 ## - تبصرة عامة | |
| تبصرة عامة | يشتمل على ملحق خارجي |
| 504 ## - تبصرة ببليوجرافية | |
| تبصرة ببليوجرافية,الخ | يشتمل على ارجاعات ببليوجرافية |
| 650 ## - المدخل الاضافى بالموضوع-مصطلح موضوعى | |
| 9 (RLIN) | 26837 |
| مصطلح موضوعي أو اسم جغرافي كعنصر مدخل | الجامعات والكليات |
| التقسيم الفرعي الجغرافي | مصر |
| 650 ## - المدخل الاضافى بالموضوع-مصطلح موضوعى | |
| 9 (RLIN) | 28698 |
| مصطلح موضوعي أو اسم جغرافي كعنصر مدخل | الجامعات والكليات |
| التقسيم الفرعي العام | قوانين وتشريعات |
| 653 ## - مصطلح تكشيفى غير مقيد | |
| Resource For college | |
| Arrived date list | September2013 |
| 700 ## - المدخل الاضافى - اسم شخصى | |
| 9 (RLIN) | 28699 |
| الإسم الشخصى | زغلول، ثروت سعد |
| 942 ## - عناصر المدخل الإضافي( كوها) | |
| مصدر التصنيف او مخطط الترفيف | Dewey Decimal Classification |
| Koha [default] item type | Book - Borrowing |
| حالة التراجع | حالة الفقد | مصدر التصنيف او خطة الترفيف | حالة تلف | ليس للاعارة | مجموعات كوها | المكان الدائم | المكان الحالي | موقع الترفيف | تاريخ الاكتساب | Source of acquisition | رقم الاستدعاء | الباركود | Date last seen | مُعار | نوع الوعاء | Date last checked out |
|---|---|---|---|---|---|---|---|---|---|---|---|---|---|---|---|---|
| Dewey Decimal Classification | Central Library | Central Library | First floor | 15/09/2013 | Purchase | 344.074 ق ا ن | 000028853 | 15/07/2025 | 11/09/2023 | Book - Borrowing | ||||||
| Dewey Decimal Classification | Central Library | Central Library | First floor | 15/09/2013 | Purchase | 344.074 ق ا ن | 000028854 | 15/09/2013 | 15/09/2013 | Book - Borrowing | 16/11/2014 |